| 000 | 00484cam a2200193ua 4500 | ||
|---|---|---|---|
| 020 | _c32.50 | ||
| 041 |
_aeng _h |
||
| 082 |
_a596.033 _bSHU/IN |
||
| 100 | _aShumway, Waldo . | ||
| 245 |
_aIntroduction to vertebrate embriology / _cWaldo shumway. _hTextual Documents |
||
| 250 |
_a5 / _b. |
||
| 260 |
_aLondon : _bJohn Wiley & Sons , _c1954. |
||
| 300 | _a389 ; . | ||
| 365 | _a32.50 | ||
| 504 | _a | ||
| 700 | 1 | _aAdamstone, F B . | |
| 942 | _cBK | ||
| 999 |
_c7216 _d7216 |
||